| 000 | 00983nam a22003137a 4500 | ||
|---|---|---|---|
| 001 | BR2023002010 | ||
| 003 | BR-BrBNA | ||
| 005 | 20231031211453.0 | ||
| 008 | 231031b bl.||||| |||| 00| 0 por d | ||
| 040 |
_aBR-BrBNA _bpor |
||
| 041 | _apor | ||
| 072 |
_aF01 ; Q02 ; E71 _b2110 ; 9917 |
||
| 090 | _a2110 BR2023002010 | ||
| 100 | _aLeite, Lucas Rasi Cunha | ||
| 110 | 1 |
_97421 _aMinistério da Indústria, Comércio Exterior e Serviços, Brasília, DF (Brasil) |
|
| 245 | _aEstudo de competitividade do cacau e chocolate no Brasil: desafios na produção e comércio global | ||
| 260 |
_aBrasília, DF (Brasil) _c2018 |
||
| 300 | _a171 p. | ||
| 500 | _aBibliography p. 161-170 (108 ref,); 79 illus.; 38 tables; 3 graphs | ||
| 650 | _aCACAU | ||
| 650 | _aCHOCOLATE | ||
| 650 | _aPRODUÇÃO | ||
| 650 | _aCERTIFICAÇÃO | ||
| 650 | _aCADEIA PRODUTIVA | ||
| 650 | _aCOMERCIALIZAÇÃO | ||
| 650 | _aCOMÉRCIO EXTERIOR | ||
| 909 |
_a202310 _bFernando |
||
| 942 | _cBK | ||
| 999 |
_c86640 _d86640 |
||